|
|
|
|
| LEADER |
01069nam#a2200349#a#4500 |
| 001 |
007427 |
| 005 |
20160707161410.0 |
| 008 |
010913s2001####ag##################spa#d |
| 040 |
|
|
|a AR-beUNQ
|
| 099 |
|
|
|a T/12-S11
|
| 245 |
0 |
0 |
|a Frutícola S.A. /
|c Yanina Sacchi ... [et al.]
|
| 260 |
|
|
|a Quilmes :
|b [s.n.],
|c 2001
|
| 300 |
|
|
|a [49] h :
|b il., mapas, tablas
|
| 500 |
|
|
|a Trabajo práctico. Universidad Nacional de Quilmes
|
| 942 |
|
|
|c TP
|n 0
|
| 650 |
|
7 |
|a COMERCIO INTERNACIONAL
|2 Spines
|
| 650 |
|
7 |
|a EMPRESAS
|2 Spines
|
| 650 |
|
7 |
|a PRODUCCION AGRICOLA
|2 Spines
|
| 650 |
|
7 |
|a PLANIFICACION DE LA PRODUCCION
|2 Spines
|
| 650 |
|
7 |
|a TRANSPORTE
|2 Spines
|
| 650 |
|
7 |
|a EXPORTACION
|2 Spines
|
| 650 |
|
7 |
|a MANZANO (ARBOL)
|2 Spines
|
| 650 |
|
7 |
|a TRABAJOS PRACTICOS
|2 toit
|
| 651 |
|
7 |
|a RIO NEGRO
|2 Spines
|
| 651 |
|
7 |
|a NEUQUEN
|2 Spines
|
| 653 |
|
|
|a UNQ
|
| 700 |
1 |
|
|a Sacchi, Yanina
|
| 700 |
1 |
|
|a Modolo, Verónica
|
| 700 |
1 |
|
|a Batellini, Lorena
|
| 700 |
1 |
|
|a Masare, Germán
|
| 929 |
|
|
|a COMPRA
|b Gabriel Fernandez
|d 4,00E
|e 20010907
|f patrimonio
|j 29978
|
| 999 |
|
|
|c 1401
|d 76788
|